[Event "Santiago de Cali U2000 op"]
[Site "Cali"]
[Date "2024.12.30"]
[Round "7"]
[White "Torres, Jeysson Steve"]
[Black "Cortes Castro, Jhonny"]
[Result "1/2-1/2"]
[WhiteElo "1980"]
[BlackElo "1896"]
[PlyCount "139"]
[EventDate "2024.12.27"]
[EventType "swiss"]
[EventRounds "7"]
[EventCountry "COL"]
[SourceTitle "CB01_2025"]
[SourceDate "2025.01.01"]
[SourceVersion "1"]
[SourceVersionDate "2025.01.01"]
[SourceQuality "1"]

1. d4 d5 2. c4 c6 3. Nc3 Nf6 4. Nf3 dxc4 5. a4 Bd7 6. Ne5 b5 7. axb5 cxb5 8. e3 a6 9. b3 e6 10. bxc4 b4 11. Qf3 Ra7 12. Ne4 Be7 13. c5 0-0 14. Bd2 Nd5 15. Bc4 Bc6 16. 0-0 a5 17. Ng3 Ba8 18. Qe2 Nc6 19. Nd3 a4 20. f4 Bf6 21. Ne4 Nxd4 22. exd4 Bxd4+ 23. Kh1 Bxa1 24. Rxa1 Nxf4 25. Nxf4 Bxe4 26. Bxb4 Bc6 27. Bc3 Qg5 28. Qe5 Qxe5 29. Bxe5 a3 30. Kg1 Ra4 31. Bb3 Re4 32. Bd6 Ra8 33. Kf2 Rb4 34. Ba2 Rb2+ 35. Ke3 g5 36. Nd3 Ra4 37. Ne5 Bb5 38. c6 Re2+ 39. Kf3 Rf4+ 40. Kg3 Bxc6 41. Nf3 Bxf3 42. Bxf4 Bc6 43. Bxg5 Rxg2+ 44. Kf4 Kg7 45. Be7 Rxh2 46. Bxa3 Kf6 47. Bd6 Re2 48. Kg3 Kg6 49. Bc4 Rd2 50. Be5 f6 51. Bc3 Rg2+ 52. Kh3 Rf2 53. Rg1+ Kf5 54. Rf1 Bg2+ 55. Kg3 Bxf1 56. Bxe6+ Kxe6 57. Kxf2 Bc4 58. Kg3 Kf5 59. Bb2 Be2 60. Bc3 h5 61. Bb2 Bg4 62. Bc3 Kg5 63. Bd2+ Kf5 64. Bc3 Bd1 65. Bb2 Ke6 66. Bc3 f5 67. Bd2 Kd5 68. Bh6 Ke4 69. Bg5 Bg4 70. Bc1 1/2-1/2